[Event "Koge Bugt EMT Gruppe A 2001"]
[Site "Solrod"]
[Date "2001.08.15"]
[Round "1"]
[White "Krogh, Peter Ove"]
[Black "Christensen, Verner"]
[Result "0-1"]
[WhiteElo "1902"]
[BlackElo "1794"]
[PlyCount "64"]
[EventDate "2001.??.??"]
[SourceDate "2014.05.18"]

1. c4 Nf6 2. Nc3 g6 3. e4 d6 4. d4 Bg7 5. Bd3 O-O 6. Nge2 e5 7. d5 Na6 8. a3
Nh5 9. f3 Nc5 10. Bc2 f5 11. b4 fxe4 12. Bxe4 Nxe4 13. Nxe4 Qh4+ 14. g3 Qh3 15.
Kf2 Rxf3+ 16. Kxf3 Qg4+ 17. Ke3 Bh6+ 18. Kd3 Qf3+ 19. Kc2 Qxe4+ 20. Kb2 Bg7 21.
Bd2 Bg4 22. Nc3 Qxc4 23. Qe1 e4 24. Rc1 a5 25. Kc2 axb4 26. Qf1 Qd4 27. axb4
Ra2+ 28. Kb3 Qxd2 29. Qe1 Qb2+ 30. Kc4 Ra3 31. Qxe4 Qb3+ 32. Kb5 Bd7# 0-1

[Event "Koge Bugt EMT Gruppe A 2001"]
[Site "Solrod"]
[Date "2001.08.15"]
[Round "1"]
[White "Hansen, Johnny "]
[Black "Jorgensen, Claus B"]
[Result "1-0"]
[WhiteElo "1662"]
[BlackElo "1634"]
[PlyCount "47"]
[EventDate "2001.??.??"]
[SourceDate "2014.05.18"]

1. d4 d5 2. Nf3 Nf6 3. g3 Bf5 4. Bg2 e6 5. O-O Be7 6. Nbd2 Nc6 7. a3 h6 8. c4
g5 9. cxd5 exd5 10. Nb3 Ne4 11. Ne5 Qd6 12. f3 Nf6 13. f4 Ne4 14. fxg5 Nxe5 15.
Rxf5 Ng6 16. Qf1 O-O-O 17. gxh6 Qb6 18. Rxf7 Rdf8 19. Qf5+ Kb8 20. Qxd5 Rxf7
21. Qxf7 Rf8 22. Qd5 Nf6 23. Qf3 Ne5 24. Qxb7+ 1-0

[Event "Koge Bugt EMT Gruppe A 2001"]
[Site "Solrod"]
[Date "2001.08.15"]
[Round "1"]
[White "Schmidt, Horst Hubert"]
[Black "Nielsen, Jan Mose"]
[Result "1/2-1/2"]
[WhiteElo "1607"]
[BlackElo "1971"]
[PlyCount "118"]
[EventDate "2001.??.??"]
[SourceDate "2014.05.18"]

1. d4 Nf6 2. c4 c5 3. e3 cxd4 4. exd4 d5 5. Nc3 e6 6. Nf3 Be7 7. cxd5 Nxd5 8.
Bc4 Nxc3 9. bxc3 O-O 10. Bf4 Qa5 11. Qb3 Qf5 12. Bg3 Qe4+ 13. Kf1 Nc6 14. Re1
Qg6 15. Qd1 b6 16. Qd2 Bf6 17. Bd3 Qh5 18. h4 Qa5 19. Kg1 Bb7 20. Qc2 h6 21.
Kh2 Rac8 22. Qb3 Ne7 23. Ne5 Rxc3 24. Qb1 Rd8 25. Be4 Bxe4 26. Qxe4 Qa3 27. Bf4
Nf5 28. Nxf7 Re8 29. d5 Kxf7 30. dxe6+ Kg8 31. Qxf5 Qe7 32. g3 Rf8 33. Qg4 Rc4
34. Qe2 Rc6 35. Qe4 Qc5 36. Be3 Qc4 37. Qxc4 Rxc4 38. Re2 Re4 39. Rd2 Rxe6 40.
Rd7 Rf7 41. Rhd1 Ree7 42. Rd8+ Kh7 43. Ra8 Rc7 44. Rd2 h5 45. Kg2 Kg6 46. Bf4
Rc4 47. Be3 Rc3 48. Re8 Ra3 49. Rc2 Rd7 50. Re6 Rd1 51. Bc1 Ra4 52. Rec6 Re4
53. Bb2 Ree1 54. Bxf6 gxf6 55. Rc7 a5 56. Rb7 Rc1 57. Rb2 Re6 58. a3 Ra1 59.
Rb3 Ra2 1/2-1/2

[Event "Koge Bugt EMT Gruppe A 2001"]
[Site "Solrod"]
[Date "2001.08.15"]
[Round "1"]
[White "Hansen, Henning"]
[Black "Jensen, Christine"]
[Result "0-1"]
[WhiteElo "1660"]
[BlackElo "2028"]
[PlyCount "93"]
[EventDate "2001.??.??"]
[SourceDate "2014.05.18"]

1. c4 Nf6 2. d4 c5 3. Nf3 cxd4 4. Nxd4 Nc6 5. Nc3 g6 6. g3 Bg7 7. Bg2 Qb6 8.
Nb3 d6 9. O-O O-O 10. a3 Be6 11. Nd5 Qd8 12. Bg5 Nd7 13. Qd2 Nb6 14. Rac1 a5
15. Na1 Re8 16. Bh6 Bh8 17. h4 a4 18. h5 Ne5 19. hxg6 hxg6 20. Qb4 Nexc4 21.
Nf4 Qd7 22. Nd3 Ra5 23. Nf4 Rb5 24. Qe1 g5 25. Nxe6 Qxe6 26. Bxb7 Rb8 27. Bc6
Rc5 28. Bxg5 Rxg5 29. Bf3 Nd7 30. Kg2 Rxb2 31. Nc2 Nde5 32. Nd4 Qf6 33. Rh1
Nxf3 34. Nxf3 Rc5 35. Rh4 Nb6 36. Rg4+ Kf8 37. Rd1 Rb3 38. Qh1 Ke8 39. Qh7 Kd7
40. Rg8 Rc8 41. Rg5 Qe6 42. Rd2 Rxa3 43. Rb5 Rb3 44. Rg5 Bf6 45. Rg8 a3 46. Ra2
Rxg8 47. Qxg8 0-1

[Event "Koge Bugt EMT Gruppe A 2001"]
[Site "Solrod"]
[Date "2001.08.22"]
[Round "2"]
[White "Jorgensen, Claus B"]
[Black "Christensen, Verner"]
[Result "1-0"]
[WhiteElo "1634"]
[BlackElo "1794"]
[PlyCount "61"]
[EventDate "2001.??.??"]
[SourceDate "2014.05.18"]

1. d4 d5 2. Nf3 Nf6 3. c4 c6 4. e3 e6 5. Nc3 Be7 6. Bd3 Nbd7 7. O-O O-O 8. cxd5
exd5 9. Rb1 Bd6 10. b4 Ng4 11. e4 Nb6 12. e5 Be7 13. h3 Nh6 14. Bxh6 gxh6 15.
Bc2 f5 16. exf6 Bxf6 17. Qd3 Rf7 18. Ne2 Qd6 19. Ng3 Bh8 20. Rbe1 Bd7 21. Ne5
Bxe5 22. dxe5 Qe6 23. f4 Qg6 24. f5 Qg5 25. e6 Rg7 26. Kh2 Be8 27. f6 Bg6 28.
Qf3 Rc7 29. Bxg6 hxg6 30. f7+ Kf8 31. Qc3 1-0

[Event "Koge Bugt EMT Gruppe A 2001"]
[Site "Solrod"]
[Date "2001.08.22"]
[Round "2"]
[White "Jensen, Christine"]
[Black "Krogh, Peter Ove"]
[Result "0-1"]
[WhiteElo "2028"]
[BlackElo "1902"]
[PlyCount "108"]
[EventDate "2001.??.??"]
[SourceDate "2014.05.18"]

1. d4 Nf6 2. c4 e6 3. Nf3 b6 4. g3 Ba6 5. Qc2 d5 6. b3 Bb4+ 7. Bd2 c5 8. Bxb4
cxb4 9. Bg2 Nbd7 10. Ne5 Rc8 11. Qd2 Qe7 12. O-O Qd6 13. Nxd7 Qxd7 14. Qxb4
dxc4 15. Nc3 Nd5 16. Nxd5 exd5 17. Rfe1 f5 18. Rec1 Kf7 19. bxc4 Bxc4 20. e3
Rc7 21. Qd2 Rhc8 22. Rc3 b5 23. a3 Rb8 24. f3 Re8 25. Rd1 Kg8 26. Qc2 g6 27. e4
fxe4 28. fxe4 dxe4 29. Bxe4 Kg7 30. Bf3 Qd6 31. Qf2 Qf6 32. Re3 Rxe3 33. Qxe3
Re7 34. Qc3 Kg8 35. Rd2 Qe6 36. Rf2 Qe1+ 37. Qxe1 Rxe1+ 38. Kg2 Ra1 39. d5 Rxa3
40. Rd2 Ra2 41. Rxa2 Bxa2 42. d6 Kf7 43. Kf2 Bc4 44. Bc6 a5 45. Ke3 a4 46. Kd4
a3 47. Kc3 Ke6 48. d7 Ke7 49. h4 h6 50. Kc2 g5 51. Kc3 Kd8 52. Kc2 b4 53. hxg5
hxg5 54. Ba4 Be6 0-1

[Event "Koge Bugt EMT Gruppe A 2001"]
[Site "Solrod"]
[Date "2001.08.22"]
[Round "2"]
[White "Nielsen, Jan Mose"]
[Black "Hansen, Henning"]
[Result "1-0"]
[WhiteElo "1971"]
[BlackElo "1660"]
[PlyCount "41"]
[EventDate "2001.??.??"]
[SourceDate "2014.05.18"]

1. d4 Nf6 2. Bg5 d6 3. Nc3 Bf5 4. Bxf6 gxf6 5. e4 Bg6 6. Bc4 e5 7. f4 exf4 8.
Qf3 Bh6 9. h4 O-O 10. O-O-O c6 11. h5 Bxe4 12. Nxe4 d5 13. Bd3 Re8 14. Nf2 Nd7
15. Qg4+ Kh8 16. Qf5 Nf8 17. Nf3 Re6 18. Ng4 Bg5 19. Nxg5 fxg5 20. Ne5 Rf6 21.
Nxf7+ 1-0

[Event "Koge Bugt EMT Gruppe A 2001"]
[Site "Solrod"]
[Date "2001.08.22"]
[Round "2"]
[White "Hansen, Johnny "]
[Black "Schmidt, Horst Hubert"]
[Result "0-1"]
[WhiteElo "1662"]
[BlackElo "1607"]
[PlyCount "162"]
[EventDate "2001.??.??"]
[SourceDate "2014.05.18"]

1. d4 Nf6 2. c4 e6 3. Nc3 Bb4 4. Qc2 O-O 5. Bg5 d5 6. e3 Nbd7 7. Nf3 c6 8. Bd3
Qa5 9. O-O h6 10. Bh4 Bxc3 11. bxc3 dxc4 12. Bxc4 c5 13. Bd3 b6 14. Nd2 cxd4
15. cxd4 Ba6 16. Nc4 Bxc4 17. Bxc4 b5 18. Bb3 Rac8 19. Qb2 Ne4 20. f3 Qc3 21.
Qe2 Qd2 22. Rfe1 Qxe2 23. Rxe2 Nef6 24. Be1 Nb6 25. Bb4 Rfe8 26. a4 Nbd5 27.
Bc5 Nc3 28. Rc2 Nxa4 29. Bxa7 Rxc2 30. Bxc2 Rc8 31. Bxa4 bxa4 32. Rxa4 Rc3 33.
Kf2 Nd5 34. e4 Rc2+ 35. Kg3 Nc3 36. Ra5 g5 37. d5 h5 38. Be3 Ne2+ 39. Kh3 g4+
40. Kh4 gxf3 41. gxf3 exd5 42. exd5 Rc3 43. d6 Rd3 44. Rg5+ Kh7 45. Rxh5+ Kg7
46. Bc5 Nf4 47. Rf5 Ne6 48. Kg3 Kg6 49. Kg4 f6 50. h4 Ng7 51. Rf4 f5+ 52. Kh3
Ne6 53. Rc4 Rxf3+ 54. Kg2 Rd3 55. Bb4 Kh5 56. Rc6 Nf4+ 57. Kf1 Kxh4 58. Rc7
Rd1+ 59. Kf2 Rd5 60. Kf3 Ne6 61. Re7 Ng5+ 62. Kf2 Ne4+ 63. Kf3 Nf6 64. Be1+ Kh5
65. Bg3 Kg6 66. Ke3 Ng4+ 67. Kf3 Rd3+ 68. Ke2 Rd5 69. Bf4 Kf6 70. Re8 Kf7 71.
Re7+ Kf6 72. Re8 Rd4 73. Kf3 Kg6 74. Rg8+ Kf7 75. Rxg4 fxg4+ 76. Kxg4 Kg6 77.
Kf3 Kf5 78. Bh2 Rd3+ 79. Ke2 Ke4 80. Kf2 Rd2+ 81. Ke1 Rxh2 0-1

[Event "Koge Bugt EMT Gruppe A 2001"]
[Site "Solrod"]
[Date "2001.08.29"]
[Round "3"]
[White "Schmidt, Horst Hubert"]
[Black "Jorgensen, Claus B"]
[Result "1-0"]
[WhiteElo "1607"]
[BlackElo "1634"]
[PlyCount "67"]
[EventDate "2001.??.??"]
[SourceDate "2014.05.18"]

1. d4 d5 2. c4 e6 3. Nc3 Nf6 4. Nf3 Nbd7 5. Bf4 c6 6. e3 Be7 7. Bd3 O-O 8. h3
a6 9. O-O dxc4 10. Bxc4 b5 11. Bd3 Bb7 12. Rc1 c5 13. dxc5 Nxc5 14. Be2 Qb6 15.
b4 Nce4 16. Qb3 Nxc3 17. Qxc3 Nd5 18. Qe5 Bxb4 19. Bg3 Rfd8 20. Bh4 f6 21. Qd4
Qxd4 22. Nxd4 e5 23. Ne6 Rdc8 24. Bg4 Rxc1 25. Rxc1 Rc8 26. Rd1 Re8 27. e4 Nc3
28. Rd7 Re7 29. Rd8+ Kf7 30. Rf8+ Kg6 31. Bf5+ Kh5 32. Rh8 h6 33. Bxf6 gxf6 34.
g4+ 1-0

[Event "Koge Bugt EMT Gruppe A 2001"]
[Site "Solrod"]
[Date "2001.08.29"]
[Round "3"]
[White "Hansen, Henning"]
[Black "Hansen, Johnny "]
[Result "1/2-1/2"]
[WhiteElo "1660"]
[BlackElo "1662"]
[PlyCount "62"]
[EventDate "2001.??.??"]
[SourceDate "2014.05.18"]

1. e4 c6 2. d4 d5 3. Nc3 dxe4 4. Nxe4 Bf5 5. Ng3 Bg6 6. Nf3 h6 7. Bc4 e6 8. O-O
Nf6 9. Re1 Be7 10. Ne5 Bh7 11. Nxf7 Kxf7 12. Bxe6+ Kf8 13. c4 Nbd7 14. Bf4 Nb6
15. Qd2 Bg6 16. b3 a5 17. Re2 Bb4 18. Qb2 Bf7 19. c5 Nbd5 20. Bd6+ Kg8 21. Qc2
Bxe6 22. Rxe6 Kf7 23. Re5 Re8 24. Ne2 a4 25. bxa4 Ba5 26. Qb3 Ra7 27. Nf4 Bc7
28. Bxc7 Qxc7 29. Rae1 Raa8 30. Ne6 Qd7 31. Nf4 Ng4 1/2-1/2

[Event "Koge Bugt EMT Gruppe A 2001"]
[Site "Solrod"]
[Date "2001.08.29"]
[Round "3"]
[White "Krogh, Peter Ove"]
[Black "Nielsen, Jan Mose"]
[Result "1/2-1/2"]
[WhiteElo "1902"]
[BlackElo "1971"]
[PlyCount "125"]
[EventDate "2001.??.??"]
[SourceDate "2014.05.18"]

1. c4 c6 2. e3 e5 3. Nc3 f5 4. Nf3 d6 5. d4 e4 6. Ng1 Nf6 7. Nh3 Be7 8. Nf4 O-O
9. h4 a5 10. g3 Na6 11. Be2 Nc7 12. d5 Bd7 13. Bd2 cxd5 14. Ncxd5 Nfxd5 15.
cxd5 Bf6 16. Bc3 Bxc3+ 17. bxc3 Qf6 18. Rc1 Rfc8 19. Qd4 Qe5 20. c4 Na6 21. O-O
Qe7 22. Rfd1 Nc5 23. Rd2 Be8 24. Kg2 Rc7 25. h5 g5 26. hxg6 hxg6 27. Rb1 Qg7
28. Ne6 Nxe6 29. dxe6 Rd8 30. Qb6 Qe7 31. Qxa5 Rc5 32. Qc3 Bc6 33. Rh1 Qg7 34.
Qxg7+ Kxg7 35. e7 Re8 36. Rxd6 Rxe7 37. Rd8 Re8 38. Rxe8 Bxe8 39. Rd1 Kf6 40.
Rd2 Ke7 41. Kh3 Bf7 42. Kh4 Kf6 43. Rd6+ Be6 44. Rb6 Ra5 45. Rb2 g5+ 46. Kh3
f4+ 47. Bg4 Bxc4 48. gxf4 gxf4 49. exf4 Bd5 50. Bc8 Ra8 51. Bg4 Rxa2 52. Rxa2
Bxa2 53. Be2 Bb1 54. Kg3 Bc2 55. Kg4 Ba4 56. Bc4 Bc6 57. Be2 Ba4 58. f5 Bd7 59.
Kf4 Bxf5 60. f3 exf3 61. Kxf3 Ke5 62. Ke3 Kd5 63. Bf3+ 1/2-1/2

[Event "Koge Bugt EMT Gruppe A 2001"]
[Site "Solrod"]
[Date "2001.09.10"]
[Round "3"]
[White "Christensen, Verner"]
[Black "Jensen, Christine"]
[Result "0-1"]
[WhiteElo "1794"]
[BlackElo "2028"]
[PlyCount "40"]
[EventDate "2001.??.??"]
[SourceDate "2014.05.18"]

1. e4 c5 2. c3 d5 3. exd5 Qxd5 4. Nf3 Nf6 5. Be2 e5 6. d3 Nc6 7. O-O Be7 8. Na3
O-O 9. Nc2 Rd8 10. Ne3 Qd6 11. Qc2 b5 12. Rd1 Ng4 13. Nf1 b4 14. Ng3 Qg6 15. h3
Nh6 16. Ne1 Nf5 17. Bh5 Qe6 18. Bg4 g6 19. Ne4 Bb7 20. Be3 Nxe3 0-1

[Event "Koge Bugt EMT Gruppe A 2001"]
[Site "Solrod"]
[Date "2001.09.05"]
[Round "4"]
[White "Jorgensen, Claus B"]
[Black "Jensen, Christine"]
[Result "1/2-1/2"]
[WhiteElo "1634"]
[BlackElo "2028"]
[PlyCount "71"]
[EventDate "2001.??.??"]
[SourceDate "2014.05.18"]

1. d4 Nf6 2. c4 c5 3. d5 e5 4. Nc3 d6 5. e4 Be7 6. Bd3 Na6 7. Nge2 O-O 8. O-O
Nc7 9. Ng3 a6 10. f4 Rb8 11. fxe5 dxe5 12. Nf5 Nfe8 13. Qg4 Kh8 14. Qg3 f6 15.
Bd2 b5 16. b3 g6 17. Ne3 Bd6 18. Qh4 Be7 19. Qg3 Nd6 20. Ng4 Nce8 21. Be3 bxc4
22. bxc4 Qa5 23. Rac1 Ng7 24. Qh4 Bxg4 25. Qxg4 f5 26. exf5 gxf5 27. Qg3 Bf6
28. Bg5 Bxg5 29. Qxg5 e4 30. Qf4 exd3 31. Qxd6 Qa3 32. Qg3 d2 33. Rc2 Rb2 34.
Qd3 Rxc2 35. Qxc2 Qb4 36. Ne4 1/2-1/2

[Event "Koge Bugt EMT Gruppe A 2001"]
[Site "Solrod"]
[Date "2001.09.05"]
[Round "4"]
[White "Nielsen, Jan Mose"]
[Black "Christensen, Verner"]
[Result "1/2-1/2"]
[WhiteElo "1971"]
[BlackElo "1794"]
[PlyCount "89"]
[EventDate "2001.??.??"]
[SourceDate "2014.05.18"]

1. d4 Nf6 2. Bg5 c5 3. dxc5 Qa5+ 4. Nd2 Qxc5 5. Ngf3 e6 6. Nb3 Qc7 7. e3 d5 8.
Be2 Be7 9. O-O O-O 10. Rc1 Rd8 11. Qd4 Nc6 12. Qh4 Ne4 13. Bxe7 Qxe7 14. Qxe7
Nxe7 15. c4 Bd7 16. cxd5 Nxd5 17. Ne5 f6 18. Nxd7 Rxd7 19. Bf3 Ng5 20. Bxd5
Rxd5 21. Rc7 b6 22. h4 Ne4 23. Nd4 Nc5 24. b4 e5 25. Nc6 Rd7 26. Rxd7 Nxd7 27.
Rd1 Nf8 28. a4 Kf7 29. Kf1 Ke6 30. Ke2 Nd7 31. f3 a5 32. b5 Nc5 33. Nd8+ Ke7
34. Nc6+ Ke6 35. Ra1 Rg8 36. Ra3 g5 37. hxg5 Rxg5 38. Kf2 Rg7 39. g4 h5 40.
gxh5 Rh7 41. e4 Rxh5 42. Ra1 Nd3+ 43. Ke3 Nf4 44. Ra2 Rh1 45. Rd2 1/2-1/2

[Event "Koge Bugt EMT Gruppe A 2001"]
[Site "Solrod"]
[Date "2001.09.05"]
[Round "4"]
[White "Hansen, Johnny "]
[Black "Krogh, Peter Ove"]
[Result "1-0"]
[WhiteElo "1662"]
[BlackElo "1902"]
[PlyCount "132"]
[EventDate "2001.??.??"]
[SourceDate "2014.05.18"]

1. e4 c5 2. Nf3 e6 3. d4 cxd4 4. Nxd4 Nc6 5. Be2 Nf6 6. f3 Bc5 7. Nb3 Bb6 8.
Bg5 h6 9. Bh4 a5 10. a3 O-O 11. Nc3 a4 12. Nd2 g5 13. Bg3 d5 14. Bb5 Nh5 15.
Nf1 Ba5 16. Nd2 Nxg3 17. hxg3 Bxc3 18. bxc3 Qf6 19. Bd3 Kg7 20. c4 dxc4 21.
Nxc4 b5 22. Ne3 Ba6 23. Ng4 Qc3+ 24. Kf2 Rh8 25. f4 h5 26. Ne3 gxf4 27. gxf4
Rag8 28. Qe1 Qf6 29. g3 Kf8 30. e5 Qe7 31. Qc3 Nd8 32. Qa5 Bb7 33. Rh2 f5 34.
exf6 Qxf6 35. Re1 h4 36. Qb4+ Kf7 37. g4 h3 38. Rg1 e5 39. f5 Qc6 40. Rg3 Ba6
41. Be4 Qd7 42. Bd5+ Ke8 43. Bxg8 Rxg8 44. Rgxh3 Nc6 45. Qc3 Nd4 46. Rh8 Kf7
47. Qc5 Rc8 48. R2h7+ Kf6 49. Rf8+ Kg5 50. Rxd7 Rxc5 51. Rg8+ Kf4 52. f6 Ne6
53. f7 b4 54. f8=Q+ Nxf8 55. Rxf8+ Ke4 56. axb4 Rc3 57. Rf3 Bb5 58. Rd1 Bc6 59.
g5 a3 60. g6 a2 61. g7 Bd5 62. Rg3 Bg8 63. Rdg1 Rxe3 64. Rxe3+ Kf5 65. Ra3 e4
66. Rxa2 e3+ 1-0

[Event "Koge Bugt EMT Gruppe A 2001"]
[Site "Solrod"]
[Date "2001.09.05"]
[Round "4"]
[White "Schmidt, Horst Hubert"]
[Black "Hansen, Henning"]
[Result "1-0"]
[WhiteElo "1607"]
[BlackElo "1660"]
[PlyCount "71"]
[EventDate "2001.??.??"]
[SourceDate "2014.05.18"]

1. e4 c5 2. Nf3 Nc6 3. c3 d5 4. exd5 Qxd5 5. Na3 Bg4 6. Be2 Nf6 7. O-O e6 8. d4
cxd4 9. Nb5 Qd8 10. Nfxd4 Bxe2 11. Qxe2 Nxd4 12. Nxd4 a6 13. Bf4 Be7 14. Rfe1
Qb6 15. Nf5 Rg8 16. Rad1 Rd8 17. Rxd8+ Qxd8 18. Rd1 Qb6 19. Bd6 Bxd6 20. Nxd6+
Kf8 21. Qc4 g6 22. Qc8+ Kg7 23. Qxb7 Qxb7 24. Nxb7 Rb8 25. Nc5 Rxb2 26. a4 a5
27. f3 Rc2 28. Rd3 Nd5 29. Ne4 h6 30. g3 f5 31. Nc5 Kf7 32. Nb7 Rxc3 33. Rd4
Rxf3 34. Nxa5 Kf6 35. Nc4 Ne3 36. Nd2 1-0

[Event "Koge Bugt EMT Gruppe A 2001"]
[Site "Solrod"]
[Date "2001.09.12"]
[Round "5"]
[White "Hansen, Henning"]
[Black "Jorgensen, Claus B"]
[Result "0-1"]
[WhiteElo "1660"]
[BlackElo "1634"]
[PlyCount "78"]
[EventDate "2001.??.??"]
[SourceDate "2014.05.18"]

1. e4 c5 2. Nf3 d6 3. Bb5+ Bd7 4. Bxd7+ Qxd7 5. O-O Nc6 6. c3 Nf6 7. Re1 g6 8.
d4 cxd4 9. cxd4 d5 10. e5 Nh5 11. Nc3 e6 12. a3 Ng7 13. Bg5 Nf5 14. g4 Nfe7 15.
Bf6 Rg8 16. Ng5 h5 17. Nh7 O-O-O 18. Nb5 Kb8 19. Nd6 hxg4 20. Nxf7 Rc8 21. Nxf8
Rcxf8 22. Nh6 Rh8 23. Bxh8 Rxh8 24. Nxg4 Nf5 25. Nf6 Qg7 26. Rc1 Nfxd4 27. Rc3
Nf5 28. Ng4 Qh7 29. Qc1 Qh4 30. h3 Nfd4 31. Kg2 Rf8 32. Rg3 Nf5 33. Rf3 Qe7 34.
Kh2 Ncd4 35. Rd3 Nc6 36. Rf1 Qh4 37. Qc5 Rh8 38. Rg1 d4 39. Qc4 Ne3 0-1

[Event "Koge Bugt EMT Gruppe A 2001"]
[Site "Solrod"]
[Date "2001.09.12"]
[Round "5"]
[White "Krogh, Peter Ove"]
[Black "Schmidt, Horst Hubert"]
[Result "0-1"]
[WhiteElo "1902"]
[BlackElo "1607"]
[PlyCount "70"]
[EventDate "2001.??.??"]
[SourceDate "2014.05.18"]

1. c4 e5 2. Nc3 Nc6 3. Nf3 g6 4. d4 Bg7 5. d5 Nd4 6. e4 d6 7. Nxd4 exd4 8. Ne2
Qe7 9. f3 f5 10. Ng3 fxe4 11. fxe4 Qe5 12. Bd3 Nf6 13. Qa4+ Bd7 14. Qb3 Rb8 15.
O-O O-O 16. Bf4 Qe8 17. h3 h6 18. Rae1 g5 19. Bd2 Qe5 20. Nf5 b6 21. Qd1 b5 22.
b3 bxc4 23. bxc4 Rb2 24. a3 Ba4 25. Qc1 Rfb8 26. h4 Ng4 27. Rf4 gxf4 28. Bxf4
Qf6 29. Be2 h5 30. Bg5 Qe5 31. Ne7+ Kh7 32. Bxg4 hxg4 33. h5 Bf6 34. Nf5 Qxf5
35. Bxf6 Qxf6 0-1

[Event "Koge Bugt EMT Gruppe A 2001"]
[Site "Solrod"]
[Date "2001.09.12"]
[Round "5"]
[White "Christensen, Verner"]
[Black "Hansen, Johnny "]
[Result "1/2-1/2"]
[WhiteElo "1794"]
[BlackElo "1662"]
[PlyCount "85"]
[EventDate "2001.??.??"]
[SourceDate "2014.05.18"]

1. e4 c6 2. Nc3 d5 3. Nf3 Bg4 4. h3 Bh5 5. g4 Bg6 6. exd5 cxd5 7. Bb5+ Nc6 8.
Ne5 Qd6 9. d4 a6 10. Bxc6+ bxc6 11. Bf4 Qe6 12. Na4 Nf6 13. Nc5 Qc8 14. c3 e6
15. Qa4 Bxc5 16. dxc5 O-O 17. Qxc6 Qxc6 18. Nxc6 Ne4 19. Be3 Rfe8 20. Ne5 Rec8
21. Nd7 Ra7 22. Nb6 Rc6 23. Na4 Rb7 24. b4 Nf6 25. f3 Nd7 26. Ke2 Ne5 27. Nb2
h6 28. Bf4 Nd7 29. Bd6 Nf6 30. Nd3 Rc8 31. Ke3 Ne8 32. Bg3 f6 33. a4 e5 34.
Rhe1 d4+ 35. Kd2 dxc3+ 36. Kxc3 Bxd3 37. Kxd3 Rxb4 38. Rec1 Rd8+ 39. Ke2 Rb2+
40. Ke3 Rb3+ 41. Ke2 Rb2+ 42. Ke3 Rb3+ 43. Ke2 1/2-1/2

[Event "Koge Bugt EMT Gruppe A 2001"]
[Site "Solrod"]
[Date "2001.09.19"]
[Round "6"]
[White "Jorgensen, Claus B"]
[Black "Nielsen, Jan Mose"]
[Result "0-1"]
[WhiteElo "1634"]
[BlackElo "1971"]
[PlyCount "90"]
[EventDate "2001.??.??"]
[SourceDate "2014.05.18"]

1. d4 Nf6 2. c4 c5 3. d5 b5 4. Nd2 g6 5. b3 Bg7 6. Bb2 O-O 7. e4 bxc4 8. Bxc4
d6 9. Ngf3 Qc7 10. O-O Bg4 11. h3 Bxf3 12. Qxf3 Nxe4 13. Bxg7 Nxd2 14. Qc3 Ne4
15. Qb2 Re8 16. Rfe1 f6 17. Bh6 Ng5 18. Bxg5 fxg5 19. Re6 Nd7 20. Bb5 Rab8 21.
Rae1 Nf8 22. Bxe8 Nxe6 23. Bxg6 Nf4 24. Bf5 Rf8 25. Qc2 h6 26. g3 Nh5 27. Bh7+
Kh8 28. Qg6 Nf6 29. Qxh6 Nxh7 30. h4 Rf6 31. Qh5 gxh4 32. g4 Kg7 33. Qxh4 Qd7
34. f4 e6 35. g5 Rg6 36. Qg4 Nf8 37. Kg2 Qb7 38. Rd1 Qb4 39. dxe6 Qe4+ 40. Kg3
Rxe6 41. f5 Qe3+ 42. Kg2 Re4 43. Qh5 Rf4 44. f6+ Kg8 45. Rxd6 Rf2+ 0-1

[Event "Koge Bugt EMT Gruppe A 2001"]
[Site "Solrod"]
[Date "2001.09.19"]
[Round "6"]
[White "Hansen, Johnny "]
[Black "Jensen, Christine"]
[Result "0-1"]
[WhiteElo "1662"]
[BlackElo "2028"]
[PlyCount "54"]
[EventDate "2001.??.??"]
[SourceDate "2014.05.18"]

1. e4 c5 2. Nf3 e6 3. Nc3 d5 4. exd5 exd5 5. d4 Nf6 6. Bg5 Be7 7. dxc5 O-O 8.
Bd3 Qa5 9. Qd2 Qxc5 10. O-O-O Be6 11. Nd4 Nc6 12. Nb3 Qb6 13. Be3 Qd8 14. f3 a5
15. g4 a4 16. Nd4 a3 17. b3 Bb4 18. Qe1 Rc8 19. Nxc6 Rxc6 20. Bd2 Nxg4 21. fxg4
Bxg4 22. Ne2 Bxd2+ 23. Qxd2 Qf6 24. Qb4 Bxe2 25. Bxe2 Qb2+ 26. Kd2 Rxc2+ 27.
Kd3 Rxe2 0-1

[Event "Koge Bugt EMT Gruppe A 2001"]
[Site "Solrod"]
[Date "2001.09.19"]
[Round "6"]
[White "Schmidt, Horst Hubert"]
[Black "Christensen, Verner"]
[Result "1-0"]
[WhiteElo "1607"]
[BlackElo "1794"]
[PlyCount "55"]
[EventDate "2001.??.??"]
[SourceDate "2014.05.18"]

1. d4 d5 2. Nf3 Nf6 3. e3 g6 4. c4 Bg7 5. cxd5 Nxd5 6. Bc4 Nb6 7. Bb3 O-O 8.
O-O Bg4 9. Nbd2 Na6 10. h3 Bd7 11. a4 Rc8 12. a5 Na8 13. Bc4 c5 14. d5 e6 15.
e4 exd5 16. exd5 Bf5 17. g4 Bd7 18. Ne4 Be8 19. Be3 Qe7 20. Nc3 Qd6 21. Qd2 Qf6
22. Kg2 h6 23. Bxh6 Bxh6 24. Qxh6 Qg7 25. Qf4 N6c7 26. Ne4 b5 27. Nf6+ Kh8 28.
g5 1-0

[Event "Koge Bugt EMT Gruppe A 2001"]
[Site "Solrod"]
[Date "2001.09.19"]
[Round "6"]
[White "Hansen, Henning"]
[Black "Krogh, Peter Ove"]
[Result "0-1"]
[WhiteElo "1660"]
[BlackElo "1902"]
[PlyCount "94"]
[EventDate "2001.??.??"]
[SourceDate "2014.05.18"]

1. Nf3 Nf6 2. b3 c5 3. Bb2 e6 4. c4 Nc6 5. g3 d5 6. cxd5 exd5 7. Bg2 Be7 8. d4
b6 9. O-O O-O 10. Nbd2 Ba6 11. Ne5 Rc8 12. Nxc6 Rxc6 13. Nf3 c4 14. Rc1 Rc8 15.
Ne5 b5 16. bxc4 bxc4 17. Qa4 Qd6 18. Bh3 Rc7 19. Bc3 Rb8 20. Rb1 Rcb7 21. Rxb7
Rxb7 22. Nc6 Bb5 23. Nxe7+ Qxe7 24. Qa5 Bd7 25. Bg2 Be6 26. f3 h5 27. e4 g6 28.
e5 Ne8 29. h4 Ng7 30. f4 Nf5 31. Kf2 Qd7 32. Rc1 Rb5 33. Qa6 Rb6 34. Qa5 Nh6
35. Bb4 Rb5 36. Qa3 Qb7 37. Bc3 Kg7 38. Rc2 Ng4+ 39. Kf3 Bf5 40. Re2 a5 41. Qd6
a4 42. e6 fxe6 43. Rxe6 Bxe6 44. Qxe6 Qf7 45. Qe1 Rb7 46. Qd1 Rd7 47. Bd2 Qf5
0-1

[Event "Koge Bugt EMT Gruppe A 2001"]
[Site "Solrod"]
[Date "2001.09.26"]
[Round "7"]
[White "Krogh, Peter Ove"]
[Black "Jorgensen, Claus B"]
[Result "1-0"]
[WhiteElo "1902"]
[BlackElo "1634"]
[PlyCount "79"]
[EventDate "2001.??.??"]
[SourceDate "2014.05.18"]

1. c4 Nf6 2. Nc3 g6 3. e4 d6 4. d4 Bg7 5. Bd3 Nc6 6. Nge2 O-O 7. O-O e5 8. d5
Ne7 9. f3 Nd7 10. Bg5 f5 11. exf5 gxf5 12. Ng3 Bf6 13. Bc1 Bh4 14. Nge2 Rf6 15.
Kh1 Rg6 16. g3 Bf6 17. Bc2 Kh8 18. Rb1 Bg5 19. f4 Bf6 20. b4 c6 21. Be3 c5 22.
bxc5 Nxc5 23. fxe5 Bxe5 24. Bd4 Nd7 25. Nf4 Rh6 26. Ne6 Qg8 27. Ne2 Rxe6 28.
dxe6 Qxe6 29. Qd3 Nc5 30. Bxc5 dxc5 31. Rbd1 Qc6+ 32. Qf3 Qe6 33. Rd8+ Kg7 34.
Qe3 Nc6 35. Bxf5 Qf6 36. Rxc8 Rxc8 37. Bh3 Qd8 38. Bxc8 Qxc8 39. Qg5+ Kh8 40.
Qf5 1-0

[Event "Koge Bugt EMT Gruppe A 2001"]
[Site "Solrod"]
[Date "2001.09.26"]
[Round "7"]
[White "Christensen, Verner"]
[Black "Hansen, Henning"]
[Result "1-0"]
[WhiteElo "1794"]
[BlackElo "1660"]
[PlyCount "61"]
[EventDate "2001.??.??"]
[SourceDate "2014.05.18"]

1. e4 c5 2. d4 cxd4 3. c3 Nf6 4. e5 Nd5 5. Bc4 e6 6. Nf3 Nc6 7. O-O Qc7 8. cxd4
Be7 9. Bxd5 exd5 10. Nc3 Qa5 11. Qb3 Nb4 12. Bd2 Qd8 13. a3 Na6 14. Nxd5 b6 15.
Nxe7 Qxe7 16. Bg5 Qe6 17. d5 Qf5 18. d6 O-O 19. Be7 Nc5 20. Qe3 Re8 21. Nh4 Qh5
22. Qf4 Ba6 23. Rfd1 Nd3 24. Qg3 Nxe5 25. Rd5 Rxe7 26. dxe7 f6 27. Re1 Bb7 28.
Rd6 Qe8 29. Nf5 Qf7 30. Rxd7 Nxd7 31. Nh6+ 1-0

[Event "Koge Bugt EMT Gruppe A 2001"]
[Site "Solrod"]
[Date "2001.09.26"]
[Round "7"]
[White "Jensen, Christine"]
[Black "Schmidt, Horst Hubert"]
[Result "1-0"]
[WhiteElo "2028"]
[BlackElo "1607"]
[PlyCount "73"]
[EventDate "2001.??.??"]
[SourceDate "2014.05.18"]

1. d4 Nf6 2. c4 b6 3. f3 e6 4. e4 d5 5. cxd5 exd5 6. e5 Nh5 7. Be3 g6 8. Nc3 c6
9. Qd2 Ng7 10. O-O-O Bb4 11. Bg5 Qc7 12. Bf6 O-O 13. g4 Bxc3 14. bxc3 Nd7 15.
Bxg7 Kxg7 16. h4 Bb7 17. h5 Rh8 18. Bd3 c5 19. Kb1 b5 20. f4 b4 21. f5 bxc3 22.
f6+ Kg8 23. Qxc3 Qb6+ 24. Qb2 Qxb2+ 25. Kxb2 cxd4 26. Nf3 Rb8 27. Ka1 Nc5 28.
Nxd4 Re8 29. Rhe1 Bc8 30. Bb5 Bd7 31. Bxd7 Nxd7 32. Nc6 Nb6 33. Ne7+ Kf8 34.
Nxd5 gxh5 35. Nc7 Rb8 36. Rd4 hxg4 37. Red1 1-0